000 00787cam a2200277 4500500
005 20260329002723.0
041 _afre
042 _adc
100 1 0 _aNathan, Tobie
_eauthor
245 0 0 _aPortraits de philosophes en écologistes
260 _c2013.
500 _a27
690 _aBruno Latour
690 _aDeep Ecology
690 _aÉcophilosophie
690 _aGilles Deleuze
690 _aHans Jonas
690 _aHicahm-Stéphane Afeissa
690 _aHusserl
690 _aJohn Baird Callicott
690 _aPortraits
690 _aTerre
690 _aVivant
786 0 _nPhilosophie magazine | 69 | 5 | 2013-05-01 | p. 69-71 | 1951-1787
856 4 1 _uhttps://shs.cairn.info/magazine-philosophie-magazine-2013-5-page-69?lang=fr&redirect-ssocas=7080
999 _c1817735
_d1817735